Türkiye basın-yayın tarihi kaynakçası (Record no. 7760)
[ view plain ]
| 000 -BAŞLIK | |
|---|---|
| Sabit Uzunlukta Kontrol Alanı | 00762na a2200241 4500 |
| 001 - KONTROL NUMARASI | |
| Denetim Alanı | 23027 |
| 003 - KONTROL NUMARASI IDENTIFIER | |
| Denetim Alanı | MIRAKIL |
| 005 - SON İŞLEM TARİHİ VE ZAMANI | |
| Denetim Alanı | 20181213155148.0 |
| 008 - SABİT-BOY VERİ ELEMANLARI - GENEL BİLGİLER | |
| Sabit Uzunlukta Kontrol Alanı | 170509b tu 000 0 |
| 040 ## - KATALOGLAMA KAYNAK | |
| Orijinal Kataloglama Ajansı | Milas |
| Kataloglama Dili | tur |
| Metne Dönüştürmek Ajansı | TR-AnCHP |
| 041 ## - DİL KODU | |
| Metin / Ses Parça Veya Ayrı Başlığın Dil Kodu | tur |
| 082 ## - DEWEY ONLU SINIFLANDIRMA NUMARASI | |
| Sınıflandırma Numarası | 016 |
| Ürün Numarası | V26t 1981 |
| 090 ## - SINIFLAMA NUMARASI | |
| Sınıflama Numarası | 016 V26t 1981 |
| 100 ## - ANA GİRİŞ - KİŞİSEL İSİM | |
| Kişisel Ad | Varlık, M. Bülent |
| 245 ## - BAŞLIK TABLOSU | |
| Başlık | Türkiye basın-yayın tarihi kaynakçası |
| Sorumluluk Tablosu, Vb | M. Bülent Varlık |
| 260 ## - YAYIN, DAĞITIM, VB | |
| Yayın, Dağıtım, Vb Yeri | Ankara |
| Yayıncı, Dağıtıcı, Vs Adı | Ankara İktisadi ve Ticari İlimler Akademisi Yayınları |
| Yayın, Dağıtım, Vb Tarihi | 1981 |
| 300 ## - FİZİKSEL TANIM | |
| Kapsam | 92 s. |
| Boyutlar | 20 sm. |
| 440 ## - SERİSİ TABLOSU / KATMA GİRİŞİ - BAŞLIK | |
| Başlık | Ankara İktisadi ve Ticari İlimler Akademisi Yayınları |
| Bir İşin Parçası / Bölüm Sayısı | 153 |
| 490 ## - SERİSİ TABLOSU | |
| Seri Beyanı | Gazetecilik ve halkla ilişkiler |
| Hacim / Ardışık Tanımı | 2 |
| 504 ## - KAYNAKÇA VB NOT | |
| Kaynakça Vb Notu | Dizin var. |
| 650 ## - KONU KATMA GİRİŞ - TOPİKAL DÖNEM | |
| Topikal Süreli Veya Coğrafi Ad Giriş Elemanı | Basın-yayın |
| Genel Alt Bölümü | Tarih |
| Kronolojik Alt Bölümü | Kaynakçalar |
| 942 ## - EKLENDİ GİRİŞ ELEMANLARI (KOHA) | |
| Sınıflandırma Veya Raf Düzeni Kaynak | Dewey Decimal Classification |
| Koha Öğesi Türü | Books |
| 999 ## - SİSTEM KONTROL NUMARALARI (KOHA) | |
| Koha Biblionumber | 7760 |
| Koha Biblioitemnumber | 7760 |
| Kalıcı Konum | Mevcut Konum | Edinme Tarihi | Edinim Kaynak | Toplam Check-Out'Lar | Tam Çağrı Numarası | Barkod | Tarih Son Görülme | İtibaren Geçerli Fiyatlar | Koha Öğesi Türü |
|---|---|---|---|---|---|---|---|---|---|
| CHP Kütüphanesi | CHP Kütüphanesi | 05/09/2017 | Bağış | 016 V26t 1981 | 016979 | 05/09/2017 | 05/09/2017 | Books |
